000 00820nam a2200253Ia 4500
003 OSt
005 20220923220655.0
006 a|||||r|||| 00| 0
007 ta
008 220922b |||||||| |||| 00| 0 hin d
024 _a189,006
037 _cTextual
040 _aARTS
_cARTS
_bhin
041 _2hin
_ahin
082 _aO152,2N05,PK, M4
100 _aवर्मा, राम कुमार
245 0 _aपृथ्वी का स्वर्ग
246 _aPṛuthvī kā svarga
260 _aदिल्ली
_b कोणार्क प्रकाशन
_c1984
300 _a110 पृ.
_ccm.
650 _aहिन्दी साहित्य
_9156264
942 _hO152,2N05,PK, M4
_cTEXL
_2CC
999 _c341875
_d341875